[Event "Challenge"]
[Site "http://www.queenalice.com/game.php?id=346061"]
[Date "2008.1.31"]
[Round "-"]
[White "ChessColossos"]
[Black "Zynco"]
[Result "1-0"]
[WhiteElo "1100"]
[BlackElo "1261"]

1. d4 d5 2. c4 c6 3. Nf3 Nf6 4. Nc3 e6 5. e3 Bb4 6. a3 Bxc3+ 7. bxc3 O-O 8. Bd3
Nbd7 9. cxd5 exd5 10. Qc2 h6 11. a4 a5 12. Ba3 Re8 13. O-O Qc7 14. Rfe1 Nf8 15.
h3 Ne6 16. Rab1 Rb8 17. Qa2 Bd7 18. Ne5 1-0

[Event "Challenge"]
[Site "http://www.queenalice.com/game.php?id=346107"]
[Date "2008.1.31"]
[Round "-"]
[White "vivafloresta"]
[Black "Zynco"]
[Result "1-0"]
[WhiteElo "1100"]
[BlackElo "1310"]

1. e4 e5 2. b3 Bc5 3. Bb2 Qh4 4. g3 Qxe4+ 5. Qe2 Qxh1 6. Qxe5+ Ne7 7. Qxc5 Qe4+
8. Ne2 O-O 9. d3 Qe6 10. Qg5 Ng6 11. Na3 f6 12. Qd2 Nc6 13. Nb5 Qf5 14. Nxc7 1-0

[Event "Challenge"]
[Site "http://www.queenalice.com/game.php?id=346541"]
[Date "2008.2.1"]
[Round "-"]
[White "SueliFigueira"]
[Black "Zynco"]
[Result "1-0"]
[WhiteElo "1280"]
[BlackElo "1539"]

1. d4 d5 2. Nc3 Nf6 3. a4 h6 4. e3 e6 5. a5 Bb4 6. Bb5+ c6 7. Bd3 Bxa5 8. Nf3
O-O 9. h4 Bc7 10. Na4 Nbd7 11. c4 Re8 12. Qc2 Nb6 13. cxd5 exd5 14. e4 dxe4 15.
Ne5 Bxe5 16. Be2 Bxd4 17. h5 Nxa4 18. Qxa4 Qb6 19. Bc4 Bxf2+ 20. Ke2 Be6 21. Rd1
Bxc4+ 22. Qxc4 Rad8 23. Rf1 e3 24. g4 Re4 25. Qc2 Qb5+ 26. Kf3 Qxf1 27. Rxa7 1-0

[Event "Challenge"]
[Site "http://www.queenalice.com/game.php?id=347296"]
[Date "2008.2.2"]
[Round "-"]
[White "Zynco"]
[Black "QuantumUA"]
[Result "0-1"]
[WhiteElo "1362"]
[BlackElo "1366"]

1. e4 e5 2. d3 h6 3. Nf3 Nc6 4. Nc3 Bb4 5. Bd2 Bxc3 6. Bxc3 d6 7. h3 Nf6 8. Be2
O-O 9. O-O a6 10. a4 Nh5 11. Nxe5 dxe5 12. Bxh5 Qg5 13. Bg4 Ne7 14. Bxc8 Raxc8
15. Bd2 Qf6 16. f4 Qb6+ 17. Kh1 exf4 18. Bxf4 Qxb2 19. Rb1 Qd4 20. c4 b6 21. Rf3
Ng6 22. Be3 Qd6 23. Qf1 Nh4 24. Bf4 Qf6 25. e5 Qe6 26. Re3 g5 27. Bh2 f5 28. g3
f4 29. gxf4 Qc6+ 30. Re4 Qxa4 31. Ra1 Qc2 32. Rxa6 Nf3 33. Qxf3 Qc1+ 34. Bg1
gxf4 35. Qf2 f3 36. Re1 Qg5 37. Ra2 Qf5 38. Re3 Qxh3+ 39. Qh2 Qxh2+ 40. Rxh2 Kh7
41. Rf2 Rce8 42. Bh2 c6 43. Rexf3 Rxf3 44. Rxf3 b5 45. Rf7+ Kg8 46. Rc7 Re6 47.
cxb5 cxb5 48. Rb7 Kf8 49. Rxb5 Kg7 50. d4 Kf7 51. d5 Re7 52. d6 Rd7 0-1

[Event "Challenge"]
[Site "http://www.queenalice.com/game.php?id=347343"]
[Date "2008.2.2"]
[Round "-"]
[White "Drica"]
[Black "Zynco"]
[Result "1-0"]
[WhiteElo "1576"]
[BlackElo "1323"]

1. e4 e5 2. c4 c5 3. Nf3 d6 4. h4 Nf6 5. Nc3 Be7 6. Nd5 Nxe4 7. Nxe7 Qxe7 8. Ng5
Nf6 9. b3 h6 10. Nh3 O-O 11. Bb2 Nc6 12. Qf3 Nb4 13. Kd1 Bg4 14. Qe2 Bxe2+ 15.
Bxe2 Nc6 16. f4 e4 17. g4 Nh7 18. g5 Nd4 19. Bg4 f5 20. Bh5 Qe6 21. gxh6 Qxh6
22. Be2 Qxh4 23. Bf1 Qg4+ 24. Kc1 Ne2+ 25. Kc2 Nd4+ 26. Bxd4 cxd4 27. Rg1 Qf3
28. a4 d3+ 29. Kb2 Rf6 30. Ng5 Qxf4 31. Nxh7 Kxh7 32. Rh1+ Rh6 33. Rxh6+ gxh6
34. Rd1 Rg8 35. Bh3 1-0

[Event "Challenge"]
[Site "http://www.queenalice.com/game.php?id=347379"]
[Date "2008.2.2"]
[Round "-"]
[White "Zynco"]
[Black "EmperorTanner"]
[Result "1-0"]
[WhiteElo "1500"]
[BlackElo "1100"]

1. e4 Nf6 2. e5 Nd5 3. Bc4 Nb4 4. a3 d5 5. exd6 Qxd6 6. axb4 Qe5+ 7. Qe2 Qg5 8.
Qf3 Qg6 9. Bb5+ c6 10. Bd3 Qe6+ 11. Ne2 Qd6 12. O-O Qxb4 13. Nbc3 Nd7 14. Bf5 e6
15. Bh3 Bd6 16. Ng3 b5 17. d3 Qc5 18. Nce4 Qd5 19. c4 bxc4 20. dxc4 Qxc4 21.
Nxd6+ Kd8 22. Nxc4 Ba6 23. Rxa6 Nc5 24. Rxc6 Na4 25. Qxf7 1-0

[Event "Challenge"]
[Site "http://www.queenalice.com/game.php?id=347845"]
[Date "2008.2.3"]
[Round "-"]
[White "Zynco"]
[Black "bruno_borges"]
[Result "1/2-1/2"]
[WhiteElo "1500"]
[BlackElo "1944"]

1. e4 e5 2. d3 Nc6 3. Nf3 Bc5 4. Be2 h6 5. h3 Nf6 6. O-O d6 7. Nc3 Be6 8. Na4
Bb6 9. Nxb6 axb6 10. a3 Qd7 11. Nh2 O-O-O 12. Bf3 g5 13. g4 h5 14. Bxg5 hxg4 15.
Bxf6 gxf3 16. Bxh8 Rxh8 17. Qxf3 Bxh3 18. Rfe1 Rg8+ 19. Kh1 Bg2+ 20. Qxg2 Rxg2
21. Kxg2 Nd4 22. Rac1 Qe7 23. Re3 Qg5+ 24. Kh1 Ne2 25. Re1 Nf4 26. Rg1 Qh4 27.
Rf3 1/2-1/2

[Event "Challenge"]
[Site "http://www.queenalice.com/game.php?id=347888"]
[Date "2008.2.3"]
[Round "-"]
[White "kleber2002"]
[Black "Zynco"]
[Result "1-0"]
[WhiteElo "1779"]
[BlackElo "1263"]

1. d4 d5 2. c4 c6 3. Nc3 e6 4. Nf3 Nf6 5. Bg5 Nbd7 6. e3 Be7 7. Bd3 h6 8. Bh4
O-O 9. O-O b6 10. Rc1 Ba6 11. b3 Ba3 12. Rc2 Be7 13. cxd5 1-0

[Event "Challenge"]
[Site "http://www.queenalice.com/game.php?id=348442"]
[Date "2008.2.4"]
[Round "-"]
[White "Zynco"]
[Black "rdaigle2003"]
[Result "0-1"]
[WhiteElo "1263"]
[BlackElo "1614"]

1. e4 e5 2. d3 Nf6 3. Nf3 Nc6 4. Nc3 Bb4 5. Bd2 d6 6. h3 Be6 7. Be2 O-O 8. O-O
d5 9. exd5 Nxd5 10. Nxd5 Bxd2 11. Nxc7 Qxc7 12. Qxd2 Qb6 13. c4 Rad8 14. Qc3 Nd4
15. Rfe1 Nxe2+ 16. Rxe2 Bf5 17. Qxe5 Bxd3 18. Rd2 Bxc4 19. Rxd8 Rxd8 20. Re1 g6
21. b3 Bd5 22. Nh2 h5 23. Rd1 Bc6 0-1